000 00556nam a2200181 i 4500
001 86786
003 ES-MaACL
005 20250208063125.0
007 t|
008 041215s1944 cl ||||1| spa d
100 1 _aKipling, Rudyard,
_d1865-1936
_968087
245 1 0 _aCuentos de las colinas /
_cRudyard Kipling ; traducción de Eleazar Huerta.
260 _aSantiago de Chile :
_bTrig-Trag,
_c[1944]
300 _a129 p. ;
_c17 cm.
700 1 _aHuerta, Eleazar.
_964552
852 _aES-MaACL
_jD-8313
_bR.32896
999 _c86786
_d86786